| 000 | 01343nam0a2200301 4500 | ||
|---|---|---|---|
| 001 | RU\NLR\bibl\412255 | ||
| 005 | 20260405110622.0 | ||
| 021 |
_aRU _b2003-31864 _91506 |
||
| 035 | _a(NLR Aleph) 000406308 | ||
| 090 |
_a606882 _c606882 |
||
| 100 | _a20030625d2003 |||y0rusy50 ca | ||
| 101 | 0 | _arus | |
| 102 | _aRU | ||
| 105 | _aa ||||||||| | ||
| 200 | 1 |
_aФормирование организационных структур управления _eУчеб.-метод. пособие _fВ.И. Некрасов, К.В. Воронов _gМ-во образования Рос. Федерации, Удмурт. гос. ун-т, Ин-т экономики и упр. |
|
| 210 |
_aИжевск _cИн-т экономики и упр. УдГУ _d2003 |
||
| 215 |
_a69, [2] _cил. _d20 |
||
| 320 | _aБиблиогр.: с. 66-67 (22 назв.) | ||
| 606 | 0 |
_aУправление _jУчебно-методические пособия _xОрганизация _9902339 _3RU\NLR\auth\668214 |
|
| 686 | _aУ21(2)2я7 | ||
| 700 | 1 |
_4070 _8rus _7ca _aНекрасов _bВ. И. _cд-р экон. наук _gВладимир Иванович _3RU\NLR\auth\7741762 _924710 |
|
| 701 | 1 |
_aВоронов _bК. В. _4070 |
|
| 801 | 0 |
_aRU _bNLR _c20030625 _gPSBO |
|
| 801 | 1 |
_aRU _bNLR _c20030625 |
|
| 942 | _cBOOK | ||
| 980 | _aNB | ||
| 980 | _aNBR | ||